Financie v pohode sprievodca vo svete osobných financií

Guardado en:
Detalles Bibliográficos
Formato: Seriadas
Lenguaje:eslovaco
Publicado: Bratislava Akadémia vzdelávania OVB 2014
Materias:
Etiquetas: Agregar Etiqueta
Sin Etiquetas, Sea el primero en etiquetar este registro!

MARC

LEADER 00000nas2a2200000 4500
001 0251953
005 20190314084826.2
022 |a 1339-2220 
041 0 |a slo 
044 |a SK 
245 1 0 |a Financie v pohode  |b sprievodca vo svete osobných financií 
264 1 |a Bratislava  |b Akadémia vzdelávania OVB  |c 2014 
773 0 |w eu_un_cat*0163874 
610 2 0 |a financie 
610 2 0 |a poisťovníctvo 
610 2 0 |a zabezpečenie dôchodkové 
610 2 0 |a poradenstvo finančné